000 00423nam a2200169Ia 4500
008 221030s9999 xx 000 0 und d
020 _a0074624032
041 _aEnglish
082 _a105.23
_bSha
100 _aR. C. Sharma
245 0 _aBusiness Correspondence & Report Writing
_cby R. C. Sharma, K. Mohan
260 _bTMH
_aNew Delhi
_c1999
300 _a322
650 _aEnglish
700 _aK. Mohan
942 _cBK
999 _c7520
_d7520